FMB state of trade survey (Record no. 112804)

MARC details
000 -LEADER
fixed length control field 01257cad a22002415a 4500
001 - CONTROL NUMBER
control field L154000
008 - FIXED-LENGTH DATA ELEMENTS--GENERAL INFORMATION
fixed length control field 111003s2011 xxkd f 000 0 eng d
035 ## - SYSTEM CONTROL NUMBER
System control number (Sirsi) u154000
041 0# - LANGUAGE CODE
Language code of text/sound track or separate title eng
050 04 - LIBRARY OF CONGRESS CALL NUMBER
Classification number 338.4569 $2 18
110 2# - MAIN ENTRY--CORPORATE NAME
Corporate name or jurisdiction name as entry element Federation of Master Builders
9 (RLIN) 465
245 00 - TITLE STATEMENT
Title FMB state of trade survey
Remainder of title third quarter 2011
Medium [electronic resource]
260 ## - PUBLICATION, DISTRIBUTION, ETC.
Place of publication, distribution, etc. London
Name of publisher, distributor, etc. FMB
Date of publication, distribution, etc. 2011
490 #0 - SERIES STATEMENT
Series statement FMB State of Trade Survey
Volume/sequential designation Third Quarter 2011
520 ## - SUMMARY, ETC.
Summary, etc. The report shows that although the rate of decline in SME workloads eased to its slowest rate for a year, construction workloads continued to decline in Q3 2011 and have now fallen in each of the 15 quarters commencing Q1 2008. The outlook for the remainder of the year remains pessimistic - although 24% of firms anticipate higher workloads, 35% expect workloads to fall during the final three months of the year.
521 2# - TARGET AUDIENCE NOTE
Target audience note Advanced
590 ## - LOCAL NOTE (RLIN)
Local note KA
650 24 - SUBJECT ADDED ENTRY--TOPICAL TERM
Topical term or geographic name entry element FEDERATION OF MASTER BUILDERS STATE OF TRADE SURVEY
651 #4 - SUBJECT ADDED ENTRY--GEOGRAPHIC NAME
Geographic name United Kingdom
Chronological subdivision
690 ## - LOCAL SUBJECT ADDED ENTRY--TOPICAL TERM (OCLC, RLIN)
Topical term or geographic name as entry element BUILT ENVIRONMENT-CONSTRUCTION MARKET
856 40 - ELECTRONIC LOCATION AND ACCESS
Uniform Resource Identifier <a href="https://www.fmb.org.uk/information-and-help/publications/state-of-trade-survey/?entryid24=242525">https://www.fmb.org.uk/information-and-help/publications/state-of-trade-survey/?entryid24=242525</a>
Public note View the survey free of charge at www.fmb.org.uk
942 ## - ADDED ENTRY ELEMENTS (KOHA)
Suppress in OPAC 0
Holdings
Withdrawn status Lost status Source of classification or shelving scheme Damaged status Not for loan Home library Current library Shelving location Date acquired Total Checkouts Full call number Barcode Date last seen Copy number Price effective from Koha item type
    Dewey Decimal Classification     Virtual Virtual Online 03/10/2011   ONLINE PUBLICATION 154000-2001 06/08/2019 1 06/08/2019 Book